000 00362 a2200157 4500
001 47569
020 _a978-85-260-2277-5
040 _cAnchieta - Aquarius
100 _aFrança, Mary
240 1 0 _aOs pingos em quadrinhos
_lpor
245 1 0 _aOs pingos em quadrinhos
300 _a21p.
362 0 _a2016
650 4 _aLiteratura infanto-juvenil
942 _cBK
999 _c47569
_d47569